Logo BPK

Biblioteka

Politechniki Koszalińskiej

System oceny programowania trwałego rozwoju regionu woj. warmińsko-mazurskiego : (Rekord nr 41511)

Szczegóły MARC
000 -ETYKIETA REKORDU
podpole kontrolne o stałej długości 01185nam a2200277 i 4500
001 - NUMER KONTROLNY REKORDU
pole kontrolne bg
020 ## - MIĘDZYNARODOWY ZNORMALIZOWANY NUMER KSIĄŻKI - ISBN
ISBN 837299062X
040 ## - ŹRÓDŁO KATALOGOWANIA
Instytucja, która utworzyła rekord BPK
041 0# - KOD JĘZYKA
Kod języka tekstu pl
Kod języka streszczenia lub abstraktu en
080 ## - UNIWERSALNA KLASYFIKACJA DZIESIĘTNA - UKD
UKD 332.14(438)
920 ## - Międzynarodowy znormalizowany numer książki – ISBN
ISBN 83-7299-062-X
008 - POLE O STAŁEJ DŁUGOŚCI - DANE KONTROLNE
podpole kontrolne o stałej długości s pl f |000 0 pol
100 1# - NAZWA OSOBOWA
Nazwa osobowa HOPFER, Andrzej
Daty związane z nazwą (1933- )
245 10 - TYTUŁ/ODPOWIEDZIALNOŚĆ
Tytuł System oceny programowania trwałego rozwoju regionu woj. warmińsko-mazurskiego :
Ciąg dalszy tytułu opracowany na podstawie wskaźników byłego woj. olsztyńskiego /
Pozostałe elementy strefy tytułu i oznaczenia odpowiedzialności Andrzej Hopfer, Ewa Piekarska, Jerzy Suchta.
260 ## - STREFA ADRESU WYDAWNICZEGO
Miejsce wydania Olsztyn :
Nazwa wydawcy/dystrybutora Wydaw. UWM,
Data publikacji, dystrybucji/powstania dokumentu 2001.
300 ## - STREFA OPISU FIZYCZNEGO
Objętość 40 s. ;
Rozmiary 24 cm.
490 1# - STREFA SERII I DOKUMENTU WIELOCZĘŚCIOWEGO - FORMA NIE DO WYSZUKIWANIA
Tytuł i oznaczenie odpowiedzialności serii Rozprawy i Monografie / Uniwersytet Warmińsko-Mazurski w Olsztynie =
-- Dissertations and Monographs / University of Warmia and Mazury in Olsztyn,
ISSN 1509-3018 ;
Numeracja w obrębie serii 41
500 ## - UWAGI OGÓLNE
Tekst uwagi Streszcz. ang.
504 ## - UWAGA DOTYCZĄCA BIBLIOGRAFII
Informacje o bibliografii Bibliogr.
651 #9 - HASŁO PRZEDMIOTOWE W FORMIE NAZWY GEOGRAFICZNEJ
Nazwa geograficzna Olsztyn (woj. warmińsko-mazurskie ; okręg)
Określnik ogólny gospodarka
-- prognozy
700 1# - HASŁO DODATKOWE - NAZWA OSOBOWA
Nazwa osobowa PIEKARSKA, Ewa
700 1# - HASŁO DODATKOWE - NAZWA OSOBOWA
Nazwa osobowa SUCHTA, Jerzy
830 #0 - HASŁO DODATKOWE SERII LUB DOKUMENTU WIELOCZĘŚCIOWEGO - TYTUŁ UJEDNOLICONY
Tytuł ujednolicony Rozprawy i Monografie (Uniwersytet Warmińsko-Mazurski w Olsztynie) ;
Oznaczenie tomu 41
856 ## - LOKALIZACJA I DOSTĘP DO ELEKTRONICZNYCH DOKUMENTÓW ZDALNYCH
Link (URL) http://koha.tu.koszalin.pl/cgi-bin/koha/opac-detail.pl?biblionumber=41511
Tekst linku Katalog online BPK
942 ## - DODATKOWE ELEMENTY (KOHA)
Typ dokumentu Książka
Egzemplarze
Wycofany Status egzemplarza Uszkodzony Dostępność Lokalizacja stała Lokalizacja bieżąca Miejsce przechowywania Sygnatura Kod kreskowy Dział Typ dokumentu
      Tylko na miejscu Biblioteka Politechniki Koszalińskiej Biblioteka Politechniki Koszalińskiej Czytelnia BG 63672 01768626 332 Gospodarka regionalna i terytorialna Książka
      Tylko na miejscu Biblioteka Politechniki Koszalińskiej Biblioteka Politechniki Koszalińskiej Czytelnia Wydziałowa ul. Kwiatkowskiego 6e 63673 01768619 332 Gospodarka regionalna i terytorialna. Grunty i nieruchomości Książka
      Dostępny Biblioteka Politechniki Koszalińskiej Biblioteka Politechniki Koszalińskiej Wypożyczalnia BG 63674 01768602   Książka
© 2023 Biblioteka Politechniki Koszalińskiej :: KOHA